Normal view
MARC view
- Shafique, Khurram Ali.
Entry Personal Name
001 - CONTROL NUMBER
- control field: 3309
003 - CONTROL NUMBER IDENTIFIER
- control field: NUST
005 - DATE AND TIME OF LATEST TRANSACTION
- control field: 20170714115933.0
008 - FIXED-LENGTH DATA ELEMENTS
- fixed length control field: 170714|| aca||aabn | a|a d
040 ## - CATALOGING SOURCE
- Original cataloging agency: NUST
- Transcribing agency: NUST
100 ## - HEADING--PERSONAL NAME
- Personal name: Shafique, Khurram Ali.
670 ## - SOURCE DATA FOUND
- Source citation: Work cat.: (NUST)0: Tanvir, Hina. 3307, Javidnama /, 2006.
